000 00738nam a2200217 i 4500
001 bg
003 BPK
005 20200225114725.0
008 s pl f |000 0 pol
020 _a839013747X
040 _cBPK
080 _a349.6(438)
245 1 0 _aAktualne przepisy w ochronie środowiska :
_bsuplement 1 [właśc.2] /
_cAgencja Ochrony Środowiska w Koszalinie ; [red. Bogdan Gutkowski].
260 _aKoszalin :
_bAOŚ,
_c1997.
300 _a38 s. ;
_c30 cm.
650 4 _aPrawo ochrony środowiska
_zPolska.
710 2 _aAOS.
_4pbl.
700 1 _aGutkowski, Bogdan
_eAutor
942 _cKS
_2UKD
856 _uhttp://koha.tu.koszalin.pl/cgi-bin/koha/opac-detail.pl?biblionumber=32188
_yKatalog online BPK
999 _c32188
_d32188